Music Quiz

Random Music or Album Quiz

Sampha's Discography Quiz Stats

 Plays Quiz not verified by Sporcle

Support Sporcle.
Go Orange.
Score 0/10 Timer 20:00
0 Plays Today
Album Song % Correct
ProcessBlood on Me
95%
ProcessPlastic 100°C
90%
Process(No One Knows Me) Like the Piano
90%
ProcessTake Me Inside
90%
ProcessIncomplete Kisses
90%
ProcessKora Sings
85%
ProcessReverse Faults
85%
ProcessUnder
85%
ProcessWhat Shouldn't I Be?
85%
ProcessTimmy's Prayer
80%

You're not logged in!

Compare scores with friends on all Sporcle quizzes.
OR
Log In

From the Vault

Symbol Cryptogram: US Presidents III

by goc3

We wonder what weird codewords the presidents know that we don't.
Remove Ads.
Support Sporcle.
Get the best of Sporcle when you Go Orange. This ad-free experience offers more features, more stats, and more fun while also helping to support Sporcle. Thank you for becoming a member.

Show Comments

Extras

Top Quizzes Today


Score Distribution

Your Account Isn't Verified!

In order to create a playlist on Sporcle, you need to verify the email address you used during registration. Go to your Sporcle Settings to finish the process.

Report this User

Report this user for behavior that violates our Community Guidelines.

Details: